Normal view
MARC view
Entry Personal Name
001 - CONTROL NUMBER
- control field: 15706
003 - CONTROL NUMBER IDENTIFIER
- control field: OSt
005 - DATE AND TIME OF LATEST TRANSACTION
- control field: 20260425150811.0
008 - FIXED-LENGTH DATA ELEMENTS
- fixed length control field: 260425|| aca||aabn | a|a d
040 ## - CATALOGING SOURCE
- Original cataloging agency: OSt
- Transcribing agency: OSt
100 ## - HEADING--PERSONAL NAME
- Personal name: Hoyt, Charles King
670 ## - SOURCE DATA FOUND
- Source citation: Work cat.: (OSt)5817: Interior spaces designed by architects., c1981.
